/ ہندو دھرم (Record no. 109289)

MARC details
000 -LEADER
fixed length control field 00781nam a22002177a 4500
005 - DATE AND TIME OF LATEST TRANSACTION
control field 20170123162351.0
010 ## - LIBRARY OF CONGRESS CONTROL NUMBER
LC control number A-795103
020 ## - INTERNATIONAL STANDARD BOOK NUMBER
Terms of availability 100.00
035 ## - SYSTEM CONTROL NUMBER
System control number A-795103
037 ## - SOURCE OF ACQUISITION
Source of stock number/acquisition Cen Lib/Ret
040 ## - CATALOGING SOURCE
Original cataloging agency DPL
Language of cataloging UR
082 ## - DEWEY DECIMAL CLASSIFICATION NUMBER
Classification number 445
Item number ف د ا
100 ## - MAIN ENTRY--PERSONAL NAME
Personal name فدا علی خاں
9 (RLIN) 356
245 ## - TITLE STATEMENT
Title / ہندو دھرم
Statement of responsibility, etc فدا علی خاں [اور] ترتیب و تکمیل عبدللہ خاں رامپوری
Medium Fida Ali Khan
260 ## - PUBLICATION, DISTRIBUTION, ETC. (IMPRINT)
Place of publication, distribution, etc پٹنہ
Name of publisher, distributor, etc خدا بخش ورئیےنٹل پبلک لائبریری
Date of publication, distribution, etc 1995
270 ## - ADDRESS
Address خدا بخش ورئیےنٹل پبلک لائبریری
City پٹنہ
300 ## - PHYSICAL DESCRIPTION
Extent 327p.
Dimensions 21cm(Hb)
650 ## - SUBJECT ADDED ENTRY--TOPICAL TERM
Topical term or geographic name as entry element اردو ادب
9 (RLIN) 137194
650 ## - SUBJECT ADDED ENTRY--TOPICAL TERM
Topical term or geographic name as entry element Urdu literature
9 (RLIN) 137195
942 ## - ADDED ENTRY ELEMENTS (KOHA)
Source of classification or shelving scheme Dewey Decimal Classification
Koha item type Urdu Bks
Classification part 445
Call number suffix ف د ا
Holdings
Withdrawn status Lost status Damaged status Not for loan Home library Current library Date acquired Source of acquisition Cost, normal purchase price Total Checkouts Full call number Barcode Date last seen Copy number Cost, replacement price Price effective from Koha item type
        Central Library Central Library 02/03/2016 Cen Lib/Ref 100.00   445 ف د ا A-795103 02/03/2016 1 100.00 02/03/2016 Urdu Bks

© Delhi Public Library
Hit Counter
free hit counter